| 000 | 01230nam0a2200313 4500 | ||
|---|---|---|---|
| 001 | RU\NLR\ONL2\3572 | ||
| 005 | 20250806203049.0 | ||
| 035 | _a(NLR Aleph) 009651170 | ||
| 090 |
_a48464 _c48464 |
||
| 100 | _a20050630d1945 c y0rusy50 ca | ||
| 101 | 0 | _agol | |
| 102 | _aRU | ||
| 105 | _aa ||||||||| | ||
| 200 | 1 |
_aАрифметика задачасалбани упражнениесалбани каморигой дангса _e1 кл. |
|
| 210 |
_aЛ. _cУчпедгиз _d1945 |
||
| 215 |
_a128 с. _cил. _d22 |
||
| 541 | 1 |
_aСборник арифметических задач и упражнений _eДля 1 кл. _zrus |
|
| 606 | 0 |
_9Учебные издания для средней школы _aАрифметика _2nlr-sh2 _2nlr-sh1 _3RU\NLR\auth\6664428 |
|
| 686 | 1 | _aВ10 я7 | |
| 700 | 1 |
_aПопова _bН. С. _cпедагог-математик _f1885-1975 _gНаталья Сергеевна _3RU\NLR\AUTH\770198576 _4070 |
|
| 801 | 0 |
_aRU _bNLR _c20050630 _gPSBO |
|
| 852 |
_aNLR _bОНЛ _jНанай./3-65 |
||
| 942 | _cBOOK | ||
| 945 | _aРоссийская национальная библиотека | ||
| 980 | _aNB | ||
| 980 | _aBV | ||
| 980 | _aONL_RF | ||